सीता सुरूजवा क ज्योतिः (Record no. 50534)

MARC details
000 -LEADER
fixed length control field 01214nam a22002537a 4500
005 - DATE AND TIME OF LATEST TRANSACTION
control field 20110214110156.0
008 - FIXED-LENGTH DATA ELEMENTS--GENERAL INFORMATION
fixed length control field 090211t xxu||||| |||| 00| 0 hin d
010 ## - LCCN (DPL NO)
LC control number HIN-91875
020 ## - INTERNATIONAL STANDARD BOOK NUMBER
Terms of availability 400.00
International Standard Book Number 8121405394
035 ## - SYSTEM CONTROL NUMBER
System control number HN-64221
037 ## - SOURCE OF ACQUISITION
Source of stock number/acquisition DBAD / PUB
040 ## - CATALOGING SOURCE
Original cataloging agency DPL
Language of cataloging HN
082 ## - DEWEY DECIMAL CLASSIFICATION NUMBER
Classification number 230.1
100 ## - MAIN ENTRY--PERSONAL NAME
Personal name विद्या विन्दु सिंह
9 (RLIN) 25892
245 ## - TITLE STATEMENT
Title सीता सुरूजवा क ज्योतिः
Statement of responsibility, etc विद्या विन्दु सिंह
Remainder of title अवधी लोक साहित्य में सीता-राम कथा /
260 ## - PUBLICATION, DISTRIBUTION, ETC. (IMPRINT)
Place of publication, distribution, etc नई दिल्ली
Name of publisher, distributor, etc नेशनल पब्लिशिंग हाउस
Date of publication, distribution, etc 2008
270 ## - ADDRESS
Address 2/35, अंसारी रोड, दरियागंज
City नई दिल्ली
Postal code 110002
300 ## - PHYSICAL DESCRIPTION
Extent iv,172पृ.
Dimensions 25सेमी (सजिल्द)
650 ## - SUBJECT ADDED ENTRY--TOPICAL TERM
9 (RLIN) 1169
650 ## - SUBJECT ADDED ENTRY--TOPICAL TERM
9 (RLIN) 25893
700 ## - ADDED ENTRY--PERSONAL NAME
Personal name
9 (RLIN) 25894
942 ## - ADDED ENTRY ELEMENTS (KOHA)
Source of classification or shelving scheme Dewey Decimal Classification
Item type Hindi Books
Classification part 230.1
Call number suffix विद्यावि
Holdings
Withdrawn status Lost status Source of classification or shelving scheme Damaged status Not for loan Collection code Home library Current library Date acquired Source of acquisition Cost, normal purchase price Total Checkouts Full call number Barcode Date last seen Copy number Cost, replacement price Koha item type
    Dewey Decimal Classification   Not For Loan Non-fiction D.B.Act.Division D.B.Act.Division 14/02/2011 DBAD /PUB 400.00   230.1 विद्यावि HN-64221 14/02/2011 1 400.00 Hindi Books

© Delhi Public Library
Hit Counter
free hit counter